MARC

LEADER 00000nam0a2200000 4500
001 321318
005 20231102003349.0
035 |a (RuTPU)RU\TPU\book\346872 
090 |a 321318 
100 |a 20160823d1973 m y0rusy50 ca 
101 0 |a rus 
102 |a RU 
105 |a y z 000zy 
200 1 |a НОТ в условиях научно-технической революции  |f В. Д. Воронков 
210 |a Москва  |c Экономика  |d 1973 
215 |a 39 с. 
225 1 |a Экономические знания - в массы 
606 1 |a Организация труда  |y Россия  |y СССР  |2 stltpush  |3 (RuTPU)RU\TPU\subj\47291  |9 66345 
610 1 |a НОТ 
610 1 |a научная организация труда 
610 1 |a НТР 
610 1 |a научно-техническая революция 
610 1 |a нормирование 
610 1 |a стимулирование 
610 1 |a методы 
610 1 |a приемы 
610 1 |a условия 
686 |a У9(2)242  |v LBC/SL-A  |2 rubbk 
700 1 |a Воронков  |b В. Д.  |g Василий Дмитриевич 
801 1 |a RU  |b 63413507  |c 20160823 
801 2 |a RU  |b 63413507  |c 20190905  |g RCR 
942 |c BK